000
00338nam a2200145Ia 4500
100
_a
Jordon/ Larry/ Churchill/ B
250
_a
5
942
_c
BK
654
_a
communication systems
245
_a
Communication and Networking
260
_b
Prentice Hall of India
_a
New Delhi
_c
1995
300
_a
752
546
_a
ENGLISH
999
_c
31824
_d
31824